000 00369nam a2200133Ia 4500
008 211119s9999||||xx |||||||||||||| ||und||
082 _a294
_bJAC-B
100 _aJacob, Koickal K
245 0 _aBhagavatham (kuttikalku)
260 _bPoornodaya Book Trust
_aKochi
_c1997
300 _a87p
650 _areligion
_vHinduismEconomics
_xPGR-GANDHIAN STUDIES
942 _cBOOK
999 _c106501
_d106501